Post Malone Albums - Statistics

General Stats
  • This quiz has been taken 59 times
  • The average score is 6 of 11
Answer Stats
Answer % Correct
Hollywood's Bleeding
96%
AUSTIN
92%
Beerbongs and Bentleys
90%
Stoney
84%
Twelve carat Toothache
71%
The Diamond Collection
39%
August 26th
31%
AUSTIN (bonus)
18%
Stoney (Complete)
12%
Twelve carat Toothache (deluxe)
12%
The Diamond Collection Deluxe
10%
No matching quizzes found
Score Distribution
Percent of People with Each Score
Percentile by Number Answered
Your Score History
You have not taken this quiz